[Event "Equeurdreville UST op"]
[Site "Equeurdreville"]
[Date "2012.09.30"]
[Round "3"]
[White "Laronche, Antoine"]
[Black "Lemonnier, Pascal"]
[Result "0-1"]
[WhiteElo "1199"]
[BlackElo "1420"]
[PlyCount "56"]
[EventDate "2012.09.29"]
[EventType "swiss"]
[EventRounds "5"]
[EventCountry "FRA"]
[SourceTitle "EXT 2014"]
[Source "ChessBase"]
[SourceDate "2013.11.20"]
[SourceVersion "1"]
[SourceVersionDate "2013.11.20"]
[SourceQuality "1"]

1. g3 e5 2. Bh3 Nc6 3. Nf3 e4 4. Ng1 d5 5. b3 Be7 6. Bb2 Bf6 7. Nc3 Bxh3 8. Nxh3 Qd7 9. d3 Qxh3 10. Qd2 0-0-0 11. 0-0-0 Nge7 12. Nxe4 Bxb2+ 13. Kxb2 dxe4 14. Qc1 exd3 15. Rd2 dxc2 16. Qxc2 Qf5 17. Qd1 Qxf2 18. Rd3 Rxd3 19. Qxd3 Qd4+ 20. Qc3 Qxc3+ 21. Kxc3 Re8 22. a4 Nd5+ 23. Kd3 Ndb4+ 24. Kc4 Rxe2 25. h4 Rg2 26. g4 Rxg4+ 27. Kb5 a6+ 28. Kc5 b6# 0-1